000
00298nam a22001337a 4500
008
180127b xxu||||| |||| 00| 0 eng d
020
_a
9780323057882
041
_a
eng
080
_a
615
100
_a
5
101
_a
SHF
245
_a
2010 Intravenous Medications
_c
Gahart, B.L
942
_2
udc
_c
BK
999
_c
41066
_d
41066